Преработка на пластмаси (Запис номер 59721)
[ съкратено ]
| 000 -Лидер | |
|---|---|
| Контролно поле с фиксирана дължина | 01289nam a2200289 c 4500 |
| 003 - Код на организацията, давaща контролен номер | |
| Контролно поле | BLK |
| 005 - Дата и час на последна редакция | |
| Контролно поле | 20180420222902.0 |
| 008 - Елементи от данни с фиксирана дължина | |
| fixed length control field | 180408b bul|||||r ||||||| ||bul|| |
| 010 ## - Наследен системен номер | |
| LC control number | KNG00063839000 |
| 040 ## - Източник на каталожния запис | |
| Идентификатор на билиотеката - собственик на записа | BLK |
| 041 ## - Код за език | |
| Код за езика на текст/звукозапис или на отделно заглавие | Български |
| Код за езика КДБФ | Български |
| 080 ## - УДК | |
| Текстов определител УДК | Пластмасова промишленост. Каучукова промишленост. Промишленост на високомолекулярните вещества |
| УДК код - определител по УДК | 678 |
| УДК определител | (038)=20=30=40=82=867 |
| УДК - код + определител | 678(038)=20=30=40=82=867 |
| 080 ## - УДК | |
| Текстов определител УДК | Различни категории думи |
| УДК код - определител по УДК | 81`373.4 |
| УДК определител | =20=30=40=82=867:678 |
| УДК - код + определител | 81`373.4=20=30=40=82=867:678 |
| 100 1# - Редна дума - Автор | |
| Автор | Калиске, Гизберт |
| Авторска отговорност | първи автор |
| R(LIN) | 75305 |
| 139 ## - Редно поле | |
| Редна дума | Преработка на пластмаси |
| Авторски знак | Пред - П 86 |
| 245 10 - Сведения за заглавието | |
| Заглавие | Преработка на пластмаси |
| Подзаглавни данни | Техн. речник англ.-нем.-фр.-рус.-бълг. |
| Редно поле (дума) | Гизберт Калиске; ред. Гизберт Калиске. |
| 257 ## - Страна на издаване | |
| Страна на създаване/издаване | България |
| 260 ## - Област на издателските данни | |
| -- | София |
| Име на издателя, разпространителя и проч. | Техника |
| Година на издаване | 1984 |
| 300 ## - Физическа характеристика | |
| Страници | 510 с. |
| Размери/Мащаб | 25 см |
| 380 ## - Жанр | |
| Жанр | Техника |
| 700 1# - Други автори (авторска отговорност) | |
| Лично име | Калиске, Гизберт |
| Автороска отговорност (Описва отношението между автора и произведението) | ред. |
| 9 (RLIN) | 75305 |
| 852 ## - Местоположение | |
| Форматна сигнатура | Цб 128169 |
| 856 4# - Електронен адрес и достъп | |
| Електронен формат | pdf - файл |
| Път до файла /url/ | |
| 856 4# - Електронен адрес и достъп | |
| Електронен формат | pdf - файл |
| Път до файла /url/ | |
| 942 ## - АРТИКУЛИ | |
| Вид на библиотечния материал | Книги |
| Скрит в OPAC | Не |
| 944 ## - СЪЗДАВАНЕ И РЕДАКЦИЯ на ЗАПИСА | |
| Създаване/Редакция | Създаване |
| Дата на регистрацията/редакция | 13.06.2004 |
| Служител, извършил регистрацията/редакцията | Читалня |
| 944 ## - СЪЗДАВАНЕ И РЕДАКЦИЯ на ЗАПИСА | |
| Създаване/Редакция | Редакция |
| Дата на регистрацията/редакция | 09.09.2015 |
| Служител, извършил регистрацията/редакцията | Нора_Радева |
| 999 ## - СИСТЕМНИ КОНТРОЛНИ НОМЕРА | |
| Koha biblionumber | 59721 |
| Koha biblioitemnumber | 59721 |
| Код за отписване | Код за изгубен артикул | Източник на класификационната схема | Код за повреда | Коз за рестрикции | Код за отдаване | Артикулен № | Име на библиотеката - собственик | Име на библиотеката, в която се намира в момента | Статус (Текущо местоположение) | Дата на вписване в системата | Местоположение - отдел | Цена в лева | Инвентарен номер | Систематично азбучна сигнатура | Баркод | Номер на екземпляра | Цена в евро | Служебна бележка | Служебен тип на артикула |
|---|---|---|---|---|---|---|---|---|---|---|---|---|---|---|---|---|---|---|---|
| Не е изгубен | Universal Decimal Classification | Не е повреден | без рестрикции | ползва се в читалня | 97574 | Регионална библиотека "Любен Каравелов" Русе | Регионална библиотека "Любен Каравелов" Русе | Читалня - справочен фонд | 1993-01-01 | Читалня | 10.67 | 413607 | СЧ 678(038)/П 86 | 120000413607 | 1 | 5.46 | Дата инв: 23.03.2017 Бележки инв: СЧ2017 | Книги | |
| Не е изгубен | Universal Decimal Classification | Не е повреден | без рестрикции | ползва се в читалня | 97575 | Регионална библиотека "Любен Каравелов" Русе | Регионална библиотека "Любен Каравелов" Русе | Хранилище | 1984-01-01 | Хранилище | 10.67 | 410166 | Цб 128169 | 900000018709 | 2 | 5.46 | Дост: Dp Вид: Д N: стар фонд Дата: 01.01.1984 | Книги | |
| Изтеглен | Не е изгубен | Universal Decimal Classification | Не е повреден | без рестрикции | заемане за дома | 97576 | Регионална библиотека "Любен Каравелов" Русе | Регионална библиотека "Любен Каравелов" Русе | Заемна - подръчен фонд | 1984-01-01 | Заемна - подръчен фонд | 10.67 | 413606 | П 678/П 86 | 413606 | 3 | 5.46 | Вид: Сф Дата: 01.01.1984 Дата инв: 07.02.2018 Бележки инв: П2018 | Книги |